Загрузка...

Human relation and organisational behaviour /

Библиографические подробности
Другие авторы: Nirmal Singh
Формат: Printed Book
Язык:English
Опубликовано: New Delhi: Deep & Deep, 2002.
Редактирование:1
Предметы:
LEADER 00777cam a2200253ua 4500
008 060815t2002||||||||||| 001 ||eng c
020 |a 81-7629-273-7 
041 0 |a eng 
082 |a 658.314 5  |b  NIR/H 
245 0 0 |a Human relation and organisational behaviour /  
250 |a 1 
260 |a New Delhi:  |b Deep & Deep,  |c 2002. 
300 |a xvi, 460p.. 
362 1 |a 2002. 
365 |a Rs 600/-  |e hb 
500 |a Includes bibliographies and index. 
504 |a . 
650 |a Personnel management 
650 0 |a Human resource management 
650 0 |a Management 
700 0 2 |a Nirmal Singh,  
942 |c BK 
999 |c 30542  |d 30542 
952 |0 0  |1 0  |4 0  |6 658_314000000000000_5_NIR  |7 0  |9 32378  |a KUCL  |b KUCL  |d 2014-05-23  |l 1  |o 658.314 5 NIR/  |p 10484  |r 2019-02-01  |s 2019-01-05  |w 2014-05-23  |y BK